| 000 | 00790nam a22002057a 4500 | ||
|---|---|---|---|
| 999 |
_c5823 _d5823 |
||
| 003 | AR-CdUCM | ||
| 008 | 190313b ||||| |||| 00| 0 spa d | ||
| 040 |
_aMUNICIPALIDAD PROVINCIAL DEL CUSCO _cBIBLIOTECA MUNICIPAL DEL CUSCO |
||
| 082 |
_a150 / _bF83 |
||
| 110 |
_aW.H Freeman and Company _917253 |
||
| 245 | _aPsicobiologia Evolutiva / | ||
| 260 |
_aBarcelona : _bFontanella S.A. , _c1976. |
||
| 300 |
_a161 páginas ; _c28.5 cm. |
||
| 505 | _aContenido : Desarrollo Prenatal y Capacidad del Recien Nacido -- Vicisitudes Cruciales en el Modelamiento de los Sistemas Basicos -- Determinantes Ambientales de la Conducta Compleja... | ||
| 650 |
_aPsicobiologia _917254 |
||
| 650 |
_aAntropologia Biologia _917255 |
||
| 650 |
_aPsicoanalisis _917124 |
||
| 942 |
_2ddc _cLIBROS |
||
| 945 | _artm | ||